[Event "4NCL/Div1/BAR1 vs. RIC"]
[Site "West Bromwich ENG"]
[Date "2003.10.18"]
[Round "1.8"]
[White "Wilson, Alexandra"]
[Black "Lauterbach, Ingrid"]
[Result "0-1"]
[WhiteElo "2025"]
[BlackElo "2148"]
[PlyCount "106"]
[EventDate "2003.10.18"]

1. e4 c5 2. Nf3 g6 3. c3 Bg7 4. d4 Qc7 5. g3 d6 6. Bg2 Nf6 7. Qe2 O-O 8. O-O
Bg4 9. h3 Bd7 10. e5 Ne8 11. exd6 Nxd6 12. dxc5 Qxc5 13. Rd1 Re8 14. Be3 Qc8
15. Kh2 Bb5 16. Qc2 Nf5 17. Nd4 Nxe3 18. fxe3 Bd7 19. Qb3 Nc6 20. Rf1 Rf8 21.
Nd2 Nd8 22. Rf2 e5 23. N4f3 Be6 24. Qc2 f6 25. Ne4 Qc7 26. Nfd2 Qe7 27. Nb3 Rc8
28. Rd1 Nf7 29. Rdf1 f5 30. Ned2 Bh6 31. e4 f4 32. g4 Rfd8 33. Nf3 Bf8 34. Rd1
Rxd1 35. Qxd1 Rd8 36. Rd2 Rxd2 37. Qxd2 Bc4 38. Nc1 Nd6 39. Qe1 Bb5 40. b3 Bc6
41. Nd2 Nf7 42. Nf3 Qd8 43. Qd2 Qc7 44. Qd3 Be7 45. Ne2 Qa5 46. Qc2 Qc5 47. Qd3
Qf2 48. c4 Bc5 49. Nc3 Bd4 50. Nd5 Qg3+ 51. Kh1 Ng5 52. Ne7+ Kf8 53. Nxc6 Nxh3
0-1

[Event "4NCL/Div1/3CS1 vs. BAR2"]
[Site "West Bromwich ENG"]
[Date "2003.10.18"]
[Round "1.1"]
[White "Arkell, Keith C"]
[Black "Taylor, Peter"]
[Result "0-1"]
[WhiteElo "2513"]
[BlackElo "2290"]
[PlyCount "88"]
[EventDate "2003.10.18"]

1. d4 Nf6 2. c4 e6 3. Nf3 c5 4. d5 d6 5. Nc3 exd5 6. cxd5 g6 7. g3 Bg7 8. Bg2
O-O 9. O-O a6 10. a4 Re8 11. Nd2 Nbd7 12. Nc4 Nb6 13. Na3 Bd7 14. Bf4 Nh5 15.
Bd2 Bxc3 16. bxc3 Nxa4 17. Nc4 Qf6 18. Qc1 b5 19. Rxa4 bxc4 20. Bg5 Qe5 21. Ra2
f6 22. Bh6 f5 23. Re1 Nf6 24. Bf4 Qe7 25. Bg5 Qf7 26. Qf4 Re5 27. Qxc4 Bb5 28.
Qb3 c4 29. Qb4 Ne4 30. Bf4 Rxd5 31. Bxe4 fxe4 32. Bxd6 e3 33. f3 Qe6 34. Bf4 g5
35. Bc7 Rc8 36. Ba5 Rd2 37. Qb1 g4 38. Rb2 Qd5 39. Bb6 gxf3 40. Bxe3 Rxb2 41.
Qxb2 Bc6 42. Bf4 fxe2 43. Rxe2 Qh1+ 44. Kf2 Qg2+ 0-1

[Event "4NCL/Div1/3CS1 vs. BAR2"]
[Site "West Bromwich ENG"]
[Date "2003.10.18"]
[Round "1.2"]
[White "Trent, Lawrence"]
[Black "Davies, Nigel R"]
[Result "1/2-1/2"]
[WhiteElo "2326"]
[BlackElo "2491"]
[PlyCount "116"]
[EventDate "2003.10.18"]

1. d4 d6 2. e4 Nf6 3. Nc3 g6 4. f4 Bg7 5. Nf3 O-O 6. Bd3 Na6 7. O-O c5 8. d5
Bg4 9. Bc4 Nc7 10. a4 e6 11. h3 Bxf3 12. Qxf3 exd5 13. Nxd5 Ncxd5 14. exd5 Re8
15. c3 a6 16. a5 Ne4 17. f5 Qh4 18. Ra4 gxf5 19. Bd3 Re5 20. Bf4 Nd2 21. Qd1
Nxf1 22. Bxe5 Ne3 23. Rxh4 Nxd1 24. Bf4 Re8 25. Bxf5 Re1+ 26. Kh2 Be5 27. Bxh7+
Kg7 28. Bxe5+ Rxe5 29. Be4 Nxb2 30. Rg4+ Kf8 31. Bf3 Nd3 32. h4 Re1 33. h5 Ne5
34. Rg3 Nxf3+ 35. Rxf3 Re5 36. h6 Rxd5 37. g4 Kg8 38. h7+ Kxh7 39. Rxf7+ Kg6
40. Rxb7 Kg5 41. Rg7+ Kf4 42. c4 Rd4 43. g5 Rxc4 44. Ra7 Kxg5 45. Rxa6 d5 46.
Ra8 Kf4 47. a6 Ra4 48. a7 c4 49. Kg2 Ke3 50. Re8+ Kd3 51. a8=Q Rxa8 52. Rxa8 c3
53. Kf2 c2 54. Rc8 Kd2 55. Rd8 c1=Q 56. Rxd5+ Kc3 57. Rc5+ Kb2 58. Rxc1 Kxc1
1/2-1/2

[Event "4NCL/Div1/3CS1 vs. BAR2"]
[Site "West Bromwich ENG"]
[Date "2003.10.18"]
[Round "1.3"]
[White "Clarke, Stuart W"]
[Black "Woodward, Timothy D M"]
[Result "0-1"]
[WhiteElo "2310"]
[BlackElo "2336"]
[PlyCount "68"]
[EventDate "2003.10.18"]

1. e4 c6 2. d4 d5 3. exd5 cxd5 4. c4 Nf6 5. Nc3 e6 6. Nf3 Bb4 7. cxd5 Nxd5 8.
Bd2 Nc6 9. Bd3 O-O 10. O-O Be7 11. Qe2 Nf6 12. Be3 Bd7 13. a3 Rc8 14. Rad1 a6
15. Bb1 Qa5 16. Qd3 g6 17. Ne5 Rfd8 18. Rfe1 Be8 19. Nf3 Rd7 20. Ba2 Rcd8 21.
Qc4 b5 22. Qe2 Rd6 23. Bf4 Nxd4 24. Nxd4 Rxd4 25. Rxd4 Rxd4 26. Qe5 Rd7 27. Bg5
Qd8 28. h4 Ng4 29. Qf4 h5 30. g3 Bxg5 31. hxg5 Rd2 32. Ne4 Rd1 33. Rxd1 Qxd1+
34. Kg2 Bc6 0-1

[Event "4NCL/Div1/3CS1 vs. BAR2"]
[Site "West Bromwich ENG"]
[Date "2003.10.18"]
[Round "1.4"]
[White "Cox, John J"]
[Black "Gordon, Stephen J"]
[Result "1-0"]
[WhiteElo "2308"]
[BlackElo "2263"]
[PlyCount "89"]
[EventDate "2003.10.18"]

1. c4 b6 2. Nf3 Nf6 3. g3 c5 4. Bg2 Bb7 5. O-O e6 6. b3 Be7 7. Bb2 O-O 8. e3 d5
9. Qe2 Nc6 10. Rd1 Rc8 11. Nc3 Na5 12. Rac1 Ba6 13. Nb5 Bxb5 14. cxb5 Ne4 15.
Ne5 f6 16. Bxe4 fxe5 17. Bg2 Bf6 18. d4 e4 19. dxc5 bxc5 20. Bxe4 Qb6 21. Bxf6
Rxf6 22. Bg2 Rcf8 23. Rf1 c4 24. bxc4 Nxc4 25. a4 Ne5 26. Qd2 Nc4 27. Qc3 a6
28. bxa6 Qxa6 29. Ra1 Rc8 30. Qd4 Qa5 31. Rfc1 Rb8 32. Ra2 Rb4 33. e4 Nd6 34.
Qe5 Nxe4 35. Rc8+ Kf7 36. Bxe4 Rxe4 37. Qh5+ Rg6 38. Qxh7 Rxa4 39. Qg8+ Kf6 40.
Qf8+ Kg5 41. h4+ Kg4 42. Kg2 Kh5 43. Qf3+ Rgg4 44. Rh8+ Kg6 45. Qxg4+ 1-0

[Event "4NCL/Div1/3CS1 vs. BAR2"]
[Site "West Bromwich ENG"]
[Date "2003.10.18"]
[Round "1.5"]
[White "Ashton, Adam G"]
[Black "Rogers, Jonathan W"]
[Result "1/2-1/2"]
[WhiteElo "2239"]
[BlackElo "2338"]
[PlyCount "100"]
[EventDate "2003.10.18"]

1. e4 e5 2. Nf3 d5 3. exd5 e4 4. Qe2 Qe7 5. Nd4 Nf6 6. Nc3 Nbd7 7. d3 exd3 8.
Qxe7+ Bxe7 9. Bxd3 Nb6 10. Nf5 Bxf5 11. Bxf5 g6 12. Bd3 Nfxd5 13. Bd2 Nb4 14.
Be4 O-O-O 15. a3 Na6 16. O-O-O Nc5 17. Bf3 Bf6 18. Be3 Bxc3 19. bxc3 Ne6 20.
Bd4 Nxd4 21. cxd4 Rhe8 22. Kb2 Rd6 23. Kb3 Nd7 24. c4 c5 25. Kc3 cxd4+ 26. Rxd4
Rxd4 27. Kxd4 b6 28. h4 h5 29. Bd5 Re7 30. Rh3 Kd8 31. Rf3 Ke8 32. Rf4 Kf8 33.
f3 Kg7 34. g4 hxg4 35. fxg4 f6 36. g5 Re1 37. gxf6+ Nxf6 38. a4 Re2 39. Bc6 Kf7
40. c5 Rc2 41. Bd5+ Ke7 42. Bc4 bxc5+ 43. Kxc5 Nd7+ 44. Kd4 Rd2+ 45. Kc3 Rh2
46. Rf7+ Kd6 47. Bb5 Rh3+ 48. Kd2 Rh2+ 49. Kc3 Rh3+ 50. Kd2 Rh2+ 1/2-1/2

[Event "4NCL/Div1/3CS1 vs. BAR2"]
[Site "West Bromwich ENG"]
[Date "2003.10.18"]
[Round "1.6"]
[White "Pritchett, Craig W"]
[Black "Longson, Alexander"]
[Result "0-1"]
[WhiteElo "2296"]
[BlackElo "2267"]
[PlyCount "66"]
[EventDate "2003.10.18"]

1. c4 Nc6 2. Nc3 e5 3. g3 d6 4. Bg2 f5 5. d3 Nf6 6. Bg5 Be7 7. h4 O-O 8. h5 Nd4
9. h6 g6 10. Nd5 Nxd5 11. Bxd5+ Ne6 12. Bd2 c6 13. Bg2 f4 14. Nf3 a5 15. Bc3
fxg3 16. fxg3 Ng5 17. c5 Be6 18. Qc2 a4 19. O-O Nxf3+ 20. exf3 Bf5 21. Rfe1 Bf6
22. g4 Be6 23. Re4 Bd5 24. Rxa4 Rxa4 25. Qxa4 Bg5 26. Re1 Bf4 27. cxd6 Qxd6 28.
d4 c5 29. dxe5 Qe6 30. Re4 Bxh6 31. f4 Qxg4 32. Re2 Bxf4 33. e6 Be3+ 0-1

[Event "4NCL/Div1/3CS1 vs. BAR2"]
[Site "West Bromwich ENG"]
[Date "2003.10.18"]
[Round "1.7"]
[White "Bentley, John L"]
[Black "Taylor, Martin R"]
[Result "1/2-1/2"]
[WhiteElo "2211"]
[BlackElo "2332"]
[PlyCount "167"]
[EventDate "2003.10.18"]

1. d4 d5 2. c4 e6 3. Nc3 c6 4. cxd5 exd5 5. Bf4 Bd6 6. Bxd6 Qxd6 7. e3 Bf5 8.
Bd3 Ne7 9. Nge2 Nd7 10. Qc2 Bxd3 11. Qxd3 O-O 12. O-O Ng6 13. Ng3 Nh4 14. Nf5
Nxf5 15. Qxf5 Rae8 16. Rad1 Re6 17. e4 Rf6 18. Qg5 Rg6 19. Qf5 Rf6 20. Qg5 Rg6
21. Qf5 dxe4 22. Nxe4 Qe6 23. Qxe6 Rxe6 24. Nc3 Nf6 25. d5 cxd5 26. Nxd5 Re2
27. Nxf6+ gxf6 28. Rb1 Rc8 29. Rfe1 Rd2 30. Red1 Re2 31. Re1 Rd2 32. Red1 Rxd1+
33. Rxd1 Rc2 34. Rb1 a5 35. g3 b5 36. Kg2 b4 37. Kf3 a4 38. b3 Rxa2 39. bxa4
Rxa4 40. Ke3 Kg7 41. Rb2 Kg6 42. Kd3 f5 43. Kc4 Kg5 44. h3 f4 45. Rd2 fxg3 46.
fxg3 Ra3 47. h4+ Kg6 48. Rd6+ Kg7 49. Kxb4 Rxg3 50. Kc5 Rg4 51. Kd5 Rxh4 52.
Ke5 Rh6 53. Rd1 Rh5+ 54. Kf4 h6 55. Rd6 Ra5 56. Rb6 Rc5 57. Ra6 Rc4+ 58. Kf5
Rc5+ 59. Kf4 Rb5 60. Rd6 Ra5 61. Rb6 Rg5 62. Rd6 Rg6 63. Rd7 Ra6 64. Rb7 Kg6
65. Rb4 h5 66. Rc4 f6 67. Rb4 Ra3 68. Rb8 Ra4+ 69. Kg3 Kg5 70. Rb5+ f5 71. Rb3
Ra2 72. Rc3 Ra5 73. Rb3 h4+ 74. Kh3 Re5 75. Ra3 Re1 76. Rb3 Re5 77. Ra3 f4 78.
Ra8 Re3+ 79. Kg2 Rg3+ 80. Kf2 Kg4 81. Rg8+ Kh3 82. Rf8 Rg4 83. Kf3 Rg1 84. Kf2
1/2-1/2

[Event "4NCL/Div1/3CS1 vs. BAR2"]
[Site "West Bromwich ENG"]
[Date "2003.10.18"]
[Round "1.8"]
[White "Bhatia, Kanwal K"]
[Black "Kosteniuk, Oxana"]
[Result "0-1"]
[WhiteElo "2065"]
[BlackElo "2035"]
[PlyCount "72"]
[EventDate "2003.10.18"]

1. e4 c5 2. c3 d5 3. exd5 Qxd5 4. d4 Nc6 5. Nf3 Bg4 6. Be2 cxd4 7. cxd4 e6 8.
O-O Nf6 9. Be3 Be7 10. Nc3 Qa5 11. h3 Bh5 12. Qb3 Qb4 13. g4 Bg6 14. Ne5 Qxb3
15. axb3 O-O 16. Bf3 Rfc8 17. Rfc1 Bf8 18. g5 Ne8 19. Nb5 a6 20. Nxc6 axb5 21.
Rxa8 Rxa8 22. Ne5 Nd6 23. Nxg6 hxg6 24. Bf4 Ra2 25. Rc2 Nf5 26. Be5 Be7 27. d5
Nh4 28. Be4 Ra1+ 29. Kh2 Re1 30. Rc8+ Kh7 31. d6 Bxg5 32. f4 Rxe4 33. Kg3 Nf5+
34. Kf3 Re3+ 35. Kf2 Bh4+ 36. Kg2 Rd3 0-1

[Event "4NCL/Div1/WGR1 vs. AD1"]
[Site "West Bromwich ENG"]
[Date "2003.10.18"]
[Round "1.1"]
[White "Baburin, Alexander"]
[Black "Chandler, Murray G"]
[Result "1/2-1/2"]
[WhiteElo "2541"]
[BlackElo "2508"]
[PlyCount "57"]
[EventDate "2003.10.18"]

1. d4 Nf6 2. c4 e6 3. Nc3 Bb4 4. Qc2 c5 5. dxc5 O-O 6. a3 Bxc5 7. Nf3 b6 8. Bf4
Bb7 9. Rd1 Nc6 10. e3 Nh5 11. Bg3 f5 12. Be2 Rc8 13. Nb5 Nxg3 14. hxg3 Ba8 15.
g4 h6 16. gxf5 Rxf5 17. Rh3 a6 18. Nc3 Ne5 19. Nxe5 Rxe5 20. Bf3 Bxf3 21. gxf3
Bf8 22. f4 Rf5 23. Qd3 Qc7 24. Ne2 Qxc4 25. Qxd7 Rc7 26. Qe8 Rc8 27. Qd7 Rc7
28. Qe8 Rc8 29. Qd7 1/2-1/2

[Event "4NCL/Div1/WGR1 vs. AD1"]
[Site "West Bromwich ENG"]
[Date "2003.10.18"]
[Round "1.2"]
[White "Richardson, John R"]
[Black "Emms, John M"]
[Result "1/2-1/2"]
[WhiteElo "2293"]
[BlackElo "2520"]
[PlyCount "53"]
[EventDate "2003.10.18"]

1. d4 Nf6 2. c4 e6 3. Nc3 Bb4 4. e3 O-O 5. Bd3 c5 6. Nf3 d5 7. O-O cxd4 8. exd4
dxc4 9. Bxc4 b6 10. Bg5 Bb7 11. Ne5 Bxc3 12. bxc3 Nbd7 13. Nxd7 Qxd7 14. Bxf6
gxf6 15. Qg4+ Kh8 16. Qh4 Rg8 17. Qxf6+ Rg7 18. f3 Qc7 19. Bb3 Qxc3 20. Rac1
Qe3+ 21. Kh1 Rc8 22. Rxc8+ Bxc8 23. Qd8+ Rg8 24. Qf6+ Rg7 25. Qd8+ Rg8 26. Qf6+
Rg7 27. Qd8+ 1/2-1/2

[Event "4NCL/Div1/WGR1 vs. AD1"]
[Site "West Bromwich ENG"]
[Date "2003.10.18"]
[Round "1.3"]
[White "Turner, Matthew J"]
[Black "Snape, Ian"]
[Result "1-0"]
[WhiteElo "2506"]
[BlackElo "2251"]
[PlyCount "59"]
[EventDate "2003.10.18"]

1. c4 Nf6 2. g3 g6 3. Bg2 Bg7 4. Nf3 O-O 5. O-O Nc6 6. Nc3 e5 7. d4 d6 8. dxe5
Nxe5 9. Nxe5 dxe5 10. Qxd8 Rxd8 11. Bg5 Rd4 12. b3 c6 13. Be3 Rd8 14. Rad1 Re8
15. h3 h5 16. Na4 e4 17. Rd6 Bf5 18. Rfd1 Nh7 19. Nc5 Bf8 20. Nxb7 Bxd6 21.
Nxd6 Re6 22. Rd4 Nf6 23. c5 a5 24. Ra4 Nd5 25. Bd2 Re7 26. Nxe4 Rea7 27. Nd6
Bb1 28. Nc4 Nb4 29. Nb6 Bxa2 30. Nxa8 1-0

[Event "4NCL/Div1/WGR1 vs. AD1"]
[Site "West Bromwich ENG"]
[Date "2003.10.18"]
[Round "1.4"]
[White "Cafferty, Bernard"]
[Black "Ward, Christopher"]
[Result "0-1"]
[WhiteElo "2235"]
[BlackElo "2522"]
[PlyCount "48"]
[EventDate "2003.10.18"]

1. Nf3 c5 2. b3 d6 3. e3 e5 4. d4 cxd4 5. exd4 e4 6. Nfd2 f5 7. c4 g6 8. Na3
Bg7 9. Bb2 Nf6 10. Be2 O-O 11. d5 Qe7 12. Nc2 Nbd7 13. O-O Ne5 14. Re1 Bd7 15.
Nf1 Rae8 16. a4 f4 17. Nd4 f3 18. gxf3 Nh5 19. Ng3 Nf4 20. Bf1 exf3 21. Re4 Qh4
22. Ba3 Ne2+ 23. Qxe2 Ng4 24. Nxf3 Rxe4 0-1

[Event "4NCL/Div1/WGR1 vs. AD1"]
[Site "West Bromwich ENG"]
[Date "2003.10.18"]
[Round "1.5"]
[White "Arakhamia-Grant, Ketevan"]
[Black "Wheeler, Darren P"]
[Result "1/2-1/2"]
[WhiteElo "2435"]
[BlackElo "2243"]
[PlyCount "64"]
[EventDate "2003.10.18"]

1. e4 e6 2. d4 d5 3. Nc3 Bb4 4. e5 c5 5. a3 Bxc3+ 6. bxc3 Ne7 7. Nf3 Bd7 8. a4
Qa5 9. Bd2 Nbc6 10. Be2 f6 11. O-O fxe5 12. Nxe5 Nxe5 13. dxe5 O-O 14. f4 c4
15. Qc1 Rac8 16. Kh1 Be8 17. Qb2 Qc7 18. a5 d4 19. Bc1 d3 20. cxd3 cxd3 21.
Bxd3 Qxc3 22. Qxc3 Rxc3 23. Be4 Bc6 24. Bxc6 Rxc6 25. Ba3 Rf7 26. Rad1 Nd5 27.
f5 Rc3 28. Bb2 Rb3 29. Bd4 Rxf5 30. Rxf5 exf5 31. Bxa7 Rb5 32. Ra1 Kf7 1/2-1/2

[Event "4NCL/Div1/WGR1 vs. AD1"]
[Site "West Bromwich ENG"]
[Date "2003.10.18"]
[Round "1.6"]
[White "Anderton, David W"]
[Black "Rechel, Bernd"]
[Result "1/2-1/2"]
[WhiteElo "2256"]
[BlackElo "2420"]
[PlyCount "100"]
[EventDate "2003.10.18"]

1. d4 f5 2. c4 Nf6 3. g3 g6 4. Bg2 Bg7 5. Nf3 O-O 6. O-O d6 7. Nc3 Qe8 8. d5
Na6 9. Rb1 Bd7 10. b4 c6 11. dxc6 bxc6 12. a3 Nc7 13. Bb2 Ne6 14. e3 Nd8 15. c5
dxc5 16. Ne5 cxb4 17. axb4 Rb8 18. Qa4 a6 19. Rfd1 Be6 20. Nxc6 Nxc6 21. Bxc6
Qf7 22. Ba1 Bc4 23. b5 axb5 24. Bxb5 Bxb5 25. Rxb5 Ra8 26. Ra5 Rxa5 27. Qxa5
Qb3 28. Rb1 Qc2 29. Qa2+ Qxa2 30. Nxa2 Ra8 31. Nc1 Ne4 32. Bxg7 Kxg7 33. Nd3
Rd8 34. Ne5 Rd2 35. f4 Nd6 36. Rb3 Re2 37. h3 h6 38. g4 fxg4 39. hxg4 h5 40.
gxh5 gxh5 41. Kf1 Ra2 42. Nf3 Nf5 43. Nd4 Ng3+ 44. Kg1 h4 45. Rb5 Ne2+ 46. Kf1
Ng3+ 47. Kg1 Kh6 48. Nb3 Ne2+ 49. Kh1 Ng3+ 50. Kg1 Ne2+ 1/2-1/2

[Event "4NCL/Div1/WGR1 vs. AD1"]
[Site "West Bromwich ENG"]
[Date "2003.10.18"]
[Round "1.7"]
[White "Martin, Andrew D"]
[Black "Wallace, Paul"]
[Result "1-0"]
[WhiteElo "2429"]
[BlackElo "2166"]
[PlyCount "55"]
[EventDate "2003.10.18"]

1. d4 Nf6 2. c4 d6 3. Nc3 Nbd7 4. Nf3 e5 5. Bg5 Be7 6. e3 O-O 7. Qc2 c6 8.
O-O-O Qa5 9. h4 Re8 10. Bd3 Nf8 11. Nd2 Be6 12. Bxf6 Bxf6 13. Nde4 d5 14. Nxf6+
gxf6 15. Bf5 e4 16. Bxe6 fxe6 17. f3 b5 18. fxe4 b4 19. Qa4 Qb6 20. c5 Qb7 21.
Ne2 dxe4 22. Rdf1 f5 23. g4 fxg4 24. Rhg1 h5 25. Ng3 Qh7 26. Qxc6 Rac8 27. Qxe4
Re7 28. Qe5 1-0

[Event "4NCL/Div1/WGR1 vs. AD1"]
[Site "West Bromwich ENG"]
[Date "2003.10.18"]
[Round "1.8"]
[White "Bellin, Jana"]
[Black "Tiller, Bjorn"]
[Result "0-1"]
[WhiteElo "2209"]
[BlackElo "2382"]
[PlyCount "58"]
[EventDate "2003.10.18"]

1. d4 g6 2. Nf3 Bg7 3. c3 d6 4. Bg5 h6 5. Bh4 f5 6. e3 Nf6 7. Bxf6 Bxf6 8. Nbd2
e5 9. dxe5 dxe5 10. e4 O-O 11. Qb3+ Kg7 12. Bc4 Qe7 13. O-O f4 14. Rfd1 g5 15.
Qb4 c5 16. Qb3 g4 17. Ne1 f3 18. gxf3 Bh4 19. Nf1 gxf3 20. Ng3 Bg4 21. Bd5 Nc6
22. Rd2 h5 23. Rad1 Bxg3 24. hxg3 h4 25. gxh4 Qxh4 26. Qxb7+ Ne7 27. Qxa8 Rxa8
28. Bxa8 Ng6 29. Rd3 Nf4 0-1

[Event "4NCL/Div1/WGR2 vs. WGR1"]
[Site "West Bromwich ENG"]
[Date "2003.10.19"]
[Round "2.1"]
[White "Littlewood, Paul E"]
[Black "Baburin, Alexander"]
[Result "1/2-1/2"]
[WhiteElo "2390"]
[BlackElo "2541"]
[PlyCount "60"]
[EventDate "2003.10.19"]

1. d4 d5 2. c4 dxc4 3. Nf3 Nf6 4. e3 Bg4 5. Bxc4 e6 6. Nc3 a6 7. h3 Bh5 8. O-O
Nc6 9. a3 Bd6 10. b4 O-O 11. Be2 Bg6 12. Bb2 Nd5 13. Na4 b6 14. Rc1 Nce7 15.
Nd2 f5 16. Bf3 Qd7 17. Qb3 Bf7 18. Nc3 Nxc3 19. Qxc3 Nd5 20. Qc2 a5 21. bxa5
Rxa5 22. Nc4 Ra7 23. Nxd6 Qxd6 24. Qc6 Qe7 25. Rfe1 Nf6 26. Qc2 Bh5 27. Bc6 Be8
28. Bf3 Bh5 29. Bc6 Be8 30. Bf3 Bh5 1/2-1/2

[Event "4NCL/Div1/WGR2 vs. WGR1"]
[Site "West Bromwich ENG"]
[Date "2003.10.19"]
[Round "2.2"]
[White "Ward, Christopher"]
[Black "Sowray, Peter J"]
[Result "1/2-1/2"]
[WhiteElo "2522"]
[BlackElo "2360"]
[PlyCount "49"]
[EventDate "2003.10.19"]

1. d4 d5 2. c4 c6 3. Nf3 Nf6 4. Nc3 dxc4 5. a4 Bf5 6. Ne5 Nbd7 7. Nxc4 Nb6 8.
Ne3 Be6 9. a5 Nbd5 10. Nexd5 Bxd5 11. f3 g6 12. e4 Be6 13. Be3 Bg7 14. Be2 O-O
15. O-O Qc7 16. Qa4 Rfd8 17. Rfc1 b5 18. axb6 Qxb6 19. Nd1 Bh6 20. Bxh6 Rxd4
21. Be3 Rxa4 22. Bxb6 axb6 23. Rxa4 Rxa4 24. Rxc6 Rb4 25. Rc2 1/2-1/2

[Event "4NCL/Div1/WGR2 vs. WGR1"]
[Site "West Bromwich ENG"]
[Date "2003.10.19"]
[Round "2.3"]
[White "McDonald, Neil"]
[Black "Turner, Matthew J"]
[Result "0-1"]
[WhiteElo "2380"]
[BlackElo "2506"]
[PlyCount "104"]
[EventDate "2003.10.19"]

1. e4 e5 2. Nf3 Nc6 3. Nc3 Nf6 4. d4 exd4 5. Nxd4 Bb4 6. Nxc6 bxc6 7. Bd3 d5 8.
exd5 cxd5 9. O-O O-O 10. Bg5 c6 11. Ne2 Bg4 12. c3 Be7 13. Qc2 h6 14. Bh4 Nh5
15. Bxe7 Qxe7 16. Ng3 Nf4 17. Rae1 Qg5 18. Bf5 Rae8 19. Re3 Bxf5 20. Qxf5 Ne2+
21. Rxe2 Qxf5 22. Rxe8 Qg4 23. Re7 h5 24. Rfe1 h4 25. h3 Qa4 26. Nf5 g6 27. Nd4
c5 28. Nf3 Qxa2 29. Rb7 d4 30. cxd4 cxd4 31. Nxd4 Qd5 32. Rb4 Qa5 33. Nc6 Qc5
34. Ne7+ Kg7 35. Rb7 Rd8 36. b4 Qc3 37. Rf1 a6 38. b5 axb5 39. Rxb5 Rd7 40.
Nf5+ gxf5 41. Rxf5 Qd2 42. Rf3 Rd6 43. Kh1 Qe2 44. Rc1 Kg6 45. Ra1 Rd1+ 46.
Rxd1 Qxd1+ 47. Kh2 Qxf3 48. gxf3 Kf5 49. Kh1 Kf4 50. Kg2 f6 51. Kg1 Kxf3 52.
Kf1 f5 0-1

[Event "4NCL/Div1/WGR2 vs. WGR1"]
[Site "West Bromwich ENG"]
[Date "2003.10.19"]
[Round "2.4"]
[White "Emms, John M"]
[Black "Tan, Desmond"]
[Result "1/2-1/2"]
[WhiteElo "2520"]
[BlackElo "2332"]
[PlyCount "113"]
[EventDate "2003.10.19"]

1. e4 c5 2. Nf3 d6 3. d4 cxd4 4. Nxd4 Nf6 5. Nc3 g6 6. Bc4 Bg7 7. O-O O-O 8.
Re1 Nc6 9. h3 Bd7 10. Be3 Rc8 11. Bb3 a6 12. Nd5 Nxd5 13. exd5 Ne5 14. Qd2 Re8
15. Rad1 Qc7 16. c3 Nc4 17. Bxc4 Qxc4 18. Nb3 Ba4 19. Bg5 f6 20. Bh6 Bxb3 21.
axb3 Qxb3 22. Bxg7 Kxg7 23. Re6 Rc7 24. Rde1 Qb5 25. R1e4 Qd7 26. h4 b5 27. Qe3
f5 28. Rd4 Rc4 29. Rxc4 bxc4 30. h5 Qb7 31. Qd2 Rf8 32. Qd4+ Rf6 33. hxg6 hxg6
34. Re1 f4 35. Qxc4 Kf7 36. b4 Rf5 37. Qe4 Qd7 38. c4 f3 39. Qg4 Qc8 40. Qh4
Re5 41. Rxe5 dxe5 42. Qe4 fxg2 43. Kxg2 Qc7 44. Kg3 Kf6 45. Qg4 Qd6 46. Qe6+
Qxe6 47. dxe6 Kf5 48. f3 e4 49. b5 axb5 50. cxb5 Kxe6 51. fxe4 Kd6 52. Kf4 Kc5
53. Kg5 Kxb5 54. Kxg6 Kc5 55. Kf5 Kd4 56. Ke6 Kxe4 57. Kxe7 1/2-1/2

[Event "4NCL/Div1/WGR2 vs. WGR1"]
[Site "West Bromwich ENG"]
[Date "2003.10.19"]
[Round "2.5"]
[White "Lawson, David"]
[Black "Arakhamia-Grant, Ketevan"]
[Result "1/2-1/2"]
[WhiteElo "2240"]
[BlackElo "2435"]
[PlyCount "22"]
[EventDate "2003.10.19"]

1. e4 c5 2. Nf3 e6 3. d3 Nc6 4. g3 d5 5. Nbd2 Nge7 6. Bg2 g6 7. O-O Bg7 8. Re1
O-O 9. e5 h6 10. h4 f6 11. exf6 Rxf6 1/2-1/2

[Event "4NCL/Div1/WGR2 vs. WGR1"]
[Site "West Bromwich ENG"]
[Date "2003.10.19"]
[Round "2.6"]
[White "Rechel, Bernd"]
[Black "Law, Andrew P"]
[Result "1/2-1/2"]
[WhiteElo "2420"]
[BlackElo "2310"]
[PlyCount "38"]
[EventDate "2003.10.19"]

1. e4 e5 2. f4 exf4 3. Nf3 g5 4. d4 Bg7 5. Nc3 d6 6. h4 h6 7. hxg5 hxg5 8. Rxh8
Bxh8 9. g3 g4 10. Bxf4 gxf3 11. Qxf3 Bxd4 12. O-O-O Nc6 13. Bb5 Bxc3 14. Qxc3
Bd7 15. Bxc6 Bxc6 16. Qh8 Kd7 17. Qh3+ Ke8 18. Qh8 Kd7 19. Qh3+ Ke8 1/2-1/2

[Event "4NCL/Div1/WGR2 vs. WGR1"]
[Site "West Bromwich ENG"]
[Date "2003.10.19"]
[Round "2.7"]
[White "Gilbert, Jessie"]
[Black "Tiller, Bjorn"]
[Result "1/2-1/2"]
[WhiteElo "2084"]
[BlackElo "2382"]
[PlyCount "60"]
[EventDate "2003.10.19"]

1. d4 g6 2. c4 Bg7 3. e4 d6 4. Nc3 e5 5. dxe5 dxe5 6. Qxd8+ Kxd8 7. f4 Nc6 8.
Nf3 Nd4 9. Bd3 Nxf3+ 10. gxf3 c6 11. fxe5 Bxe5 12. Bg5+ Kc7 13. O-O-O Bh3 14.
Be2 Nf6 15. Be3 Nh5 16. Kc2 Nf4 17. Bd4 Rhe8 18. Bf1 b6 19. Bxh3 Nxh3 20. Bxe5+
Rxe5 21. Rd4 Rd8 22. Rxd8 Kxd8 23. Rd1+ Ke7 24. Ne2 Rg5 25. Nd4 Rg2+ 26. Kc3
Kd7 27. Nb5+ Kc8 28. Nd6+ Kc7 29. Ne8+ Kc8 30. Nd6+ Kc7 1/2-1/2

[Event "4NCL/Div1/AD1 vs. SLO1"]
[Site "West Bromwich ENG"]
[Date "2003.10.19"]
[Round "2.1"]
[White "Chandler, Murray G"]
[Black "Howell, David W L"]
[Result "1-0"]
[WhiteElo "2508"]
[BlackElo "2381"]
[PlyCount "73"]
[EventDate "2003.10.19"]

1. e4 e5 2. Nf3 Nc6 3. Bb5 a6 4. Ba4 Nf6 5. O-O Be7 6. Re1 b5 7. Bb3 O-O 8. d4
d6 9. c3 Bg4 10. d5 Na5 11. Bc2 Qc8 12. h3 Bd7 13. Nbd2 c6 14. dxc6 Qxc6 15.
Nf1 Rfe8 16. Ng3 h6 17. Qe2 Be6 18. Nh2 Kh8 19. Ng4 Ng8 20. Bd3 Bf8 21. Qf3
Rad8 22. Nf5 Nc4 23. b3 Nb6 24. Bd2 h5 25. Nge3 g6 26. c4 bxc4 27. bxc4 Nd7 28.
Nd5 gxf5 29. Qxh5+ Kg7 30. exf5 Bxd5 31. Re3 Nh6 32. cxd5 Qxd5 33. Rg3+ Kh7 34.
f6+ Qxd3 35. Rxd3 Nxf6 36. Qh4 Re6 37. Rf3 1-0

[Event "4NCL/Div1/AD1 vs. SLO1"]
[Site "West Bromwich ENG"]
[Date "2003.10.19"]
[Round "2.2"]
[White "McNab, Colin A"]
[Black "Richardson, John R"]
[Result "1-0"]
[WhiteElo "2379"]
[BlackElo "2293"]
[PlyCount "69"]
[EventDate "2003.10.19"]

1. c4 Nf6 2. Nf3 e6 3. g3 d5 4. b3 c5 5. Bg2 Nc6 6. e3 dxc4 7. bxc4 Qd3 8. Na3
Be7 9. Qb3 Nb4 10. Ne5 Qxb3 11. axb3 Bd6 12. f4 Bxe5 13. fxe5 Nd3+ 14. Ke2 Nxe5
15. Nb5 O-O 16. Ba3 Nfd7 17. d4 Nc6 18. dxc5 Nde5 19. Nd6 Bd7 20. b4 Rab8 21.
Rhb1 f6 22. Bb2 a6 23. b5 axb5 24. cxb5 Nd8 25. Bxe5 fxe5 26. Ra7 Be8 27. Nxb7
Bg6 28. Rba1 Nxb7 29. Rxb7 Rbd8 30. c6 Bh5+ 31. Ke1 Rd3 32. c7 Rxe3+ 33. Kd2
Re2+ 34. Kc3 Bg6 35. Bc6 1-0

[Event "4NCL/Div1/AD1 vs. SLO1"]
[Site "West Bromwich ENG"]
[Date "2003.10.19"]
[Round "2.3"]
[White "Snape, Ian"]
[Black "Dearing, Eddie"]
[Result "1-0"]
[WhiteElo "2251"]
[BlackElo "2376"]
[PlyCount "105"]
[EventDate "2003.10.19"]

1. c4 e6 2. g3 d5 3. Bg2 Nf6 4. Nf3 Be7 5. O-O O-O 6. d4 c6 7. Qc2 b6 8. Nc3
Ba6 9. Ne5 Nfd7 10. Nxd7 Nxd7 11. cxd5 cxd5 12. Qa4 Bb7 13. Bf4 a6 14. Rac1 b5
15. Qb3 Qb6 16. e4 dxe4 17. Be3 f5 18. d5 Nc5 19. Bxc5 Bxc5 20. dxe6 Rac8 21.
e7+ Rf7 22. Na4 Qd6 23. Nxc5 Qxe7 24. Nxb7 Qxb7 25. Rxc8+ Qxc8 26. Rd1 g6 27.
Qd5 Qc2 28. Qd2 Qc4 29. b3 Qc5 30. Qd8+ Kg7 31. Qd4+ Qxd4 32. Rxd4 Rf6 33. Kf1
Rc6 34. Ke2 Kf6 35. Kd2 g5 36. f3 Ke5 37. Rd8 Rh6 38. Re8+ Kd4 39. Rd8+ Kc5 40.
Ke3 Rxh2 41. Rd2 exf3 42. Kxf3 Kb4 43. Rd6 h5 44. Kf2 h4 45. gxh4 Rxh4 46. Rxa6
Rf4+ 47. Ke3 Rg4 48. Bd5 f4+ 49. Kf2 Rh4 50. a4 bxa4 51. Rxa4+ Kc5 52. Bg8 Rh8
53. Ra5+ 1-0